000 00346pab a2200145 454500
008 180718b1985 xxu||||| |||| 00| 0 eng d
100 _aNaidu, K. Munirathna
245 _aRural - urban migration
_bA study
260 _c1985
300 _a8-14
362 _aApr.
650 _aRural - Urban Migration
773 _aKurukshetra
909 _a17629
999 _c17629
_d17629